Geology of the Sierra Blanca area; Hudspeth County, Texas, (Record no. 30125)

MARC details
000 -LEADER
fixed length control field 01013cam a22002651 4500
001 - CONTROL NUMBER
control field gs 65000394
003 - CONTROL NUMBER IDENTIFIER
control field DLC
005 - DATE AND TIME OF LATEST TRANSACTION
control field 20260227111418.0
008 - FIXED-LENGTH DATA ELEMENTS--GENERAL INFORMATION
fixed length control field 780125s1965 dcuab b f000 0 eng c
010 ## - LIBRARY OF CONGRESS CONTROL NUMBER
LC control number gs 65000394
035 ## - SYSTEM CONTROL NUMBER
System control number (OCoLC)3580510
040 ## - CATALOGING SOURCE
Original cataloging agency U.S. Geol Survey. Libr.
Transcribing agency OClU
Modifying agency OCoLC
-- ISS
-- DLC
042 ## - AUTHENTICATION CODE
Authentication code premarc
050 00 - LIBRARY OF CONGRESS CALL NUMBER
Classification number QE75
Item number .P9 no. 479
086 0# - GOVERNMENT DOCUMENT CLASSIFICATION NUMBER
Classification number I 19.16:479/
100 1# - MAIN ENTRY--PERSONAL NAME
Personal name Albritton, Claude C.,
Dates associated with a name 1913-
245 10 - TITLE STATEMENT
Title Geology of the Sierra Blanca area; Hudspeth County, Texas,
Statement of responsibility, etc. by Claude C. Albritton, Jr. and J. Fred Smith, Jr.
260 ## - PUBLICATION, DISTRIBUTION, ETC.
Place of publication, distribution, etc. Washington,
Name of publisher, distributor, etc. U.S. Govt. Print. Off.,
Date of publication, distribution, etc. 1965.
300 ## - PHYSICAL DESCRIPTION
Extent vi, 131 p.
Other physical details illus., and maps.
Dimensions 29 cm.
Accompanying material and portfolio (7 fold. illus. (2 col.), 3 col. maps)
410 20 - SERIES STATEMENT/ADDED ENTRY--CORPORATE NAME [OBSOLETE, CAN/MARC], [LOCAL, USA]
Corporate name or jurisdiction name as entry element Geological Survey (U.S.).
Title of a work Professional paper,
Volume number/sequential designation 479
504 ## - BIBLIOGRAPHY, ETC. NOTE
Bibliography, etc. note Bibliography: p. 124-128.
650 #0 - SUBJECT ADDED ENTRY--TOPICAL TERM
Topical term or geographic name entry element Geology
Geographic subdivision Texas
-- Hudspeth County.
700 1# - ADDED ENTRY--PERSONAL NAME
Personal name Smith, J. Fred
Fuller form of name (Joe Fred),
Dates associated with a name 1911-
Relator term joint author.
740 0# - ADDED ENTRY--UNCONTROLLED RELATED/ANALYTICAL TITLE
Uncontrolled related/analytical title Sierra Blanca area, Hudspeth County, Texas.

No items available.

Powered by Koha